| 000 | 00554nam a2200157 a 4500 | ||
|---|---|---|---|
| 008 | 120416s2001 ||||||||||||||||| || u | ||
| 020 | _a0521793726 | ||
| 050 | _aDT 25 Oli | ||
| 100 | _aRoland, Oliver | ||
| 245 | 1 | 0 | _aMedieval Africa, 1250 - 1800 |
| 246 | _aRoland Oliver | ||
| 260 |
_aCambridge _bCambrdge University Press _c2001 |
||
| 300 | _avii, 251p. : ill. | ||
| 350 | _a0.00 | ||
| 995 |
_D0.00 _FCBU-MAIN LIBRARY (Kitwe) _H1 _I10.00 _M1 _UAVAILABLE _WAug 8, 2006 _ZMain Library Open Access Collection |
||
| 999 |
_c50955 _d50955 |
||